<The> World System Five Hundred Years or Five Thousand?

Enregistré dans:
Détails bibliographiques
Format: Livre
Langue:anglais
Publié: London Routledge 1996
Édition:1. ed.
Sujets:
Tags: Ajouter un tag
Pas de tags, Soyez le premier à ajouter un tag!

MARC

LEADER 00000nam a2200000 4500
001 c015463
005 20221205124808.1
020 |a 0-415-07678-1 
041 0 |a eng 
044 |a GB 
245 1 0 |a <The> World System  |b Five Hundred Years or Five Thousand? 
250 |a 1. ed. 
264 1 |a London  |b Routledge  |c 1996 
300 |a 320 s. 
610 2 0 |a dejiny myslenia ekonomického 
610 2 0 |a dejiny teórií ekonomických 
610 2 0 |a história 
610 2 0 |a ekonómia